=LDR 00000nam 2200000 4500 =001 INLIS000000000810531 =005 20260412105150 =035 ##$$a 0010-0426000006 =007 ta =008 260412###########################0###### =100 #$$a Syaikhah Ninti Muhammad al Qasim =245 1#$$a Wanita & Thaharah =250 ##$$a Cet. 1 =260 ##$$a Jakarta : :$b Yayasan Al-Sofwa,$c 2008 =300 ##$$a 36 hlm =082 ##$$a 297.43 =084 ##$$a 297.43 WAN s